000 00614nam a2200157Ia 4500
008 141214s2003||||xx |||||||||||||| ||und||
082 _a616.02/C1
110 _aSociedad Peruana de la Cruz Roja (Lima)
245 _aManuel de la Cruz Roja de primeros auxilios
260 _aLima,
_c2003
300 _a1T
856 _uhttps://www.ugel05.gob.pe/sites/default/files/2022-12/MANUAL_PRIMEROS_AUXILIOS_COMUNITARIOS_CRUZ_ROJA_PERUANA.pdf
_yManuel de la Cruz Roja de primeros auxilios Sociedad Peruana de la Cruz Roja (Lima) - Plataforma del Estado Peruano
942 _cLibro
_2ddc
999 _c808
_d808